000 00625nam a22001937a 4500
999 _c7147
_d7147
003 OSt
005 20210907111143.0
008 210907b ||||| |||| 00| 0 eng d
020 _a0471899356
040 _cDDC
082 _a547ORG2001
100 _aKnipe A.C. ; Watts W.E.
_914715
245 _aOrganic Reaction Mechanisms
_bAn annual survey covering the literature dated December 1996 to November 1997
_cEdited by Knipe A.C. and Watts W.E.
260 _aUSA
_bJohn Wiley & Sons, LTD
_c2001
300 _aix,673p;
_bill
_c25cm
504 _aIncludes; references and index
650 _aChemistry
_9797
942 _2ddc
_cO_SHELF